00661nam a2200133 a 450000100100000000500170001000800410002704000250006808200150009324501770010826000530028530000210033850001680035900003205520200930063406.0110405s1933 dr r 000 0 spa d aDO-SdBNPbengcBNPHU axxxxbxxxx00aReport of the twenty-sixth fiscal period :bdominican customs receivership under the American-Dominican convention of 1924 ; together with summary of commerce for the year. aWashington :bGovernment Printing Office,c1933. a119 p. ;c24 cm. aSubmitted to the Bureau of Insular Affairs, War Department United States of America, by the general receiver of dominican customs, Santo Domingo Dominican Republic